Plant physiology
Guardat en:
| Autors principals: | , |
|---|---|
| Format: | Llibre |
| Idioma: | anglès |
| Publicat: |
Belmont
Wadsworth
1984
|
| Edició: | 3a. ed |
| Matèries: | |
| Etiquetes: |
Afegir etiqueta
Sense etiquetes, Sigues el primer a etiquetar aquest registre!
|
MARC
| LEADER | 00000nam a2200000 a 4500 | ||
|---|---|---|---|
| 001 | UCV7160 | ||
| 003 | CL-VaPUC | ||
| 008 | 890310e19840000US |||||||||||||||||eng|d | ||
| 082 | 0 | 4 | |a 571.2 |b SAL |2 21 |
| 100 | 0 | |a Salisbury, Frank B |e author |9 301195 | |
| 700 | 0 | |a Ross, Cleon W |e author |9 301196 | |
| 245 | 1 | 0 | |a Plant physiology |
| 250 | |a 3a. ed | ||
| 300 | |a 2 v | ||
| 942 | |c BK | ||
| 945 | |d 19890310 00:00:00 |a mfernand | ||
| 260 | |a Belmont |b Wadsworth |c 1984 | ||
| 650 | 0 | |a Fisiología vegetal |9 260158 | |
| 583 | |a last modification |c 20130410 06:31:30 |k Rodrigo Vera | ||
| 999 | |c 212885 |d 212883 | ||